| 000 | 00796nam a22002177a 4500 | ||
|---|---|---|---|
| 999 |
_c11600 _d11600 |
||
| 003 | AR-CdUCM | ||
| 008 | 190402b ||||| |||| 00| 0 spa d | ||
| 040 |
_aMUNICIPALIDAD PROVINCIAL DEL CUSCO _cBIBLIOTECA MUNICIPAL DEL CUSCO |
||
| 082 |
_aES / 030 / _bM42 |
||
| 100 |
_aMentor _929043 |
||
| 245 |
_aEnciclopedia temática estudiantil océano : _b |
||
| 260 | _bEditorial Oceano, | ||
| 300 |
_c26 cm _a1065 páginas |
||
| 500 | _aLibro sin numeración | ||
| 505 | _aContenido :Matemáticas -- Física -- Química -- Geología -- Ecología -- Biología -- Botánica -- Zoología y paleontología -- Anatomía y fisiología -- Computación ... | ||
| 650 |
_aEnciclopedia _918213 |
||
| 650 |
_aEducación _9460 |
||
| 650 |
_aSiglo XX _98 |
||
| 942 |
_2ddc _cLIBROS |
||
| 945 |
_arum _d04/04/2019 |
||